<?xml version="1.0" encoding="UTF-8"?>
<resp>
  <nextPage>https://data.bn.org.pl/api/networks/bibs.marcxml?marc=001+b00001150000849&amp;sinceId=1150000850</nextPage>
  <collection>
    <record xmlns='http://www.loc.gov/MARC21/slim'><leader>01619namZa2200445ZiZ4500</leader><controlfield tag='001'>b00001150000849</controlfield><controlfield tag='005'>20260402111613.2</controlfield><controlfield tag='008'>230609s        pl           |000 0 pol c</controlfield><controlfield tag='009'>9913261724905606</controlfield><datafield ind1=' ' ind2=' ' tag='020'><subfield code='a'>9788374144797</subfield></datafield><datafield ind1=' ' ind2=' ' tag='035'><subfield code='a'>KR_1KR_1_20120317234004047808-48omnis_kr</subfield></datafield><datafield ind1=' ' ind2=' ' tag='035'><subfield code='a'>KR_1_20120317234004047808</subfield><subfield code='9'>ExL</subfield></datafield><datafield ind1=' ' ind2=' ' tag='035'><subfield code='a'>(PL)b00001150000849</subfield></datafield><datafield ind1=' ' ind2=' ' tag='040'><subfield code='a'>KR_1</subfield><subfield code='c'>KR_1</subfield></datafield><datafield ind1='1' ind2=' ' tag='041'><subfield code='a'>pol</subfield><subfield code='h'>eng</subfield></datafield><datafield ind1='1' ind2=' ' tag='100'><subfield code='a'>Godwin, Peter</subfield><subfield code='d'>(1957- )</subfield></datafield><datafield ind1='1' ind2='0' tag='245'><subfield code='a'>Gdzie krokodyl zjada słońce :</subfield><subfield code='b'>wspomnienia /</subfield><subfield code='c'>Peter Godwin ; przeł. Lech Z. Żołędziowski.</subfield></datafield><datafield ind1=' ' ind2=' ' tag='260'><subfield code='a'>Warszawa :</subfield><subfield code='b'>W.A.B.,</subfield><subfield code='c'>2008.</subfield></datafield><datafield ind1=' ' ind2=' ' tag='300'><subfield code='a'>428, [4] s. :</subfield><subfield code='b'>il. ;</subfield><subfield code='c'>20 cm.</subfield></datafield><datafield ind1='1' ind2=' ' tag='490'><subfield code='a'>Terra Incognita</subfield></datafield><datafield ind1=' ' ind2=' ' tag='500'><subfield code='a'>n</subfield></datafield><datafield ind1='1' ind2='9' tag='600'><subfield code='a'>Godwin, Peter</subfield><subfield code='d'>(1957- )</subfield><subfield code='v'>pamiętniki</subfield></datafield><datafield ind1=' ' ind2='9' tag='650'><subfield code='a'>Pamiętniki angielskie</subfield><subfield code='y'>20 w.</subfield></datafield><datafield ind1=' ' ind2='9' tag='651'><subfield code='a'>Zimbabwe</subfield><subfield code='x'>od 1996 r.</subfield><subfield code='v'>pamiętniki</subfield></datafield><datafield ind1=' ' ind2='9' tag='651'><subfield code='a'>Afryka</subfield><subfield code='x'>etnografia</subfield><subfield code='v'>pamiętniki</subfield></datafield><datafield ind1='1' ind2=' ' tag='700'><subfield code='a'>Żołędziowski, Lech</subfield><subfield code='e'>Tł.</subfield></datafield><datafield ind1=' ' ind2=' ' tag='852'><subfield code='b'>48OMNIS_NETWORK</subfield><subfield code='8'>9913261724905606</subfield></datafield><datafield ind1=' ' ind2=' ' tag='852'><subfield code='b'>48OMNIS_MBPG</subfield><subfield code='8'>991002564629708210</subfield></datafield><datafield ind1=' ' ind2=' ' tag='852'><subfield code='8'>22790372630008210</subfield><subfield code='j'>1</subfield><subfield code='b'>F14</subfield><subfield code='p'>10292980</subfield><subfield code='c'>lok14</subfield></datafield><datafield ind1=' ' ind2=' ' tag='852'><subfield code='8'>22790372710008210</subfield><subfield code='j'>1</subfield><subfield code='b'>C</subfield><subfield code='p'>10283055</subfield><subfield code='c'>UBYTKI_C</subfield></datafield><datafield ind1=' ' ind2=' ' tag='852'><subfield code='8'>22790372560008210</subfield><subfield code='j'>1</subfield><subfield code='b'>F15</subfield><subfield code='p'>10292974</subfield><subfield code='c'>lok15</subfield></datafield><datafield ind1=' ' ind2=' ' tag='852'><subfield code='8'>22790372600008210</subfield><subfield code='j'>1</subfield><subfield code='b'>F09</subfield><subfield code='p'>10292976</subfield><subfield code='c'>Ubytki05</subfield></datafield><datafield ind1=' ' ind2=' ' tag='852'><subfield code='8'>22790372580008210</subfield><subfield code='j'>1</subfield><subfield code='b'>F10</subfield><subfield code='p'>10292978</subfield><subfield code='c'>UBYTKI_F10</subfield></datafield><datafield ind1=' ' ind2=' ' tag='852'><subfield code='8'>22790372670008210</subfield><subfield code='j'>1</subfield><subfield code='b'>F01</subfield><subfield code='p'>10292971</subfield><subfield code='c'>UBYTKI_F01</subfield></datafield><datafield ind1=' ' ind2=' ' tag='920'><subfield code='a'>978-83-7414-479-7</subfield></datafield></record>
  </collection>
</resp>
